| 000 | 00479nam a2200157 a 4500 | ||
|---|---|---|---|
| 005 | 20140310183136.0 | ||
| 008 | 020822s19uu xx 00 eng d | ||
| 050 |
_aHG 4026 _b.C822 1999 |
||
| 245 |
_aCorporate finance handbook / _cChristopher Gasson ( consultant editor ). |
||
| 260 |
_aGreat Britain : _bBell & Bain Limited, _c1999. |
||
| 300 |
_a272 p. : _bill. col. ; _c27 cm. |
||
| 521 | _aBSBA | ||
| 650 |
_aCorporations _xfinance |
||
| 942 |
_cBK _2lcc _kFOR |
||
| 999 |
_c19290 _d19290 |
||